|
|
|
|
| LEADER |
01737nam a2200457 a 4500 |
| 001 |
nkc20071710638 |
| 003 |
CZ PrNK |
| 005 |
20110428140522.0 |
| 007 |
ta |
| 008 |
070308s2007 xr a e c 000 0 cze |
| 015 |
|
|
|a cnb001710638
|
| 020 |
|
|
|a 978-80-7027-162-9
|q (v knize neuvedeno :
|q brož.)
|z 978-80-7027-000-4
|
| 035 |
|
|
|a (OCoLC)124091935
|
| 040 |
|
|
|a ABA001
|b cze
|
| 043 |
|
|
|a e-xr---
|
| 045 |
|
|
|a x2x4
|
| 072 |
|
7 |
|a 76
|x Grafické umění. Grafika
|2 Konspekt
|9 21
|
| 080 |
|
|
|a 76(437.3)
|2 MRF
|
| 080 |
|
|
|a 097
|2 MRF
|
| 080 |
|
|
|a (437.3)
|2 MRF
|
| 080 |
|
|
|a (083.824)
|2 MRF
|
| 245 |
0 |
0 |
|a České exlibris 1920-1945 :
|b [Moravská galerie v Brně, Ambit Místodržitelského paláce Moravské náměstí 1a 16. února - 29. dubna 2007 /
|c kurátorka výstavy Petra Ciupková]
|
| 260 |
|
|
|a Brno :
|b Moravská galerie v Brně,
|c 2007
|
| 300 |
|
|
|a [30] s. :
|b il. (některé barev.) ;
|c 12 cm
|
| 490 |
1 |
|
|a Ambit ;
|v sv. 4
|
| 500 |
|
|
|a Název z obálky
|
| 648 |
|
7 |
|a 20. století
|7 ch460558
|2 czenas
|
| 650 |
0 |
7 |
|a česká grafika
|7 ph128116
|y 20. stol.
|2 czenas
|
| 650 |
0 |
7 |
|a exlibris
|7 ph120100
|z Česko
|y 20. stol.
|2 czenas
|
| 650 |
0 |
9 |
|a Czech prints
|y 20th century
|2 eczenas
|
| 650 |
0 |
9 |
|a bookplates
|z Czechia
|y 20th century
|2 eczenas
|
| 655 |
|
7 |
|a katalogy výstav
|7 fd132536
|2 czenas
|
| 655 |
|
9 |
|a exhibition catalogs
|2 eczenas
|
| 700 |
1 |
|
|a Ciupková, Petra,
|d 1966-
|7 mzk2006323933
|4 wfw
|
| 710 |
2 |
|
|a Moravská galerie (Brno, Česko).
|b Místodržitelský palác
|7 kn20030612017
|
| 830 |
|
0 |
|a Ambit (Moravská galerie)
|0 s
|
| 910 |
2 |
|
|a BOA001
|b S-1182.071
|
| 990 |
|
|
|a BK
|
| 995 |
|
|
|a 01
|
| 991 |
|
|
|b 200703
|c NOV
|
| 996 |
6 |
|
|b 2610304242
|c S-1182.071
|l MZK
|r Sklad / do 24 hodin
|n 4
|p p.v.
|w 000843224
|u 000010
|a 1
|e BOA001
|j MZK50
|s P
|